Statistics for Challenge Typing #2: Speed type 20 sentences

Click here to take the quiz!

General Stats

  • This quiz has been taken 121 times
  • The average score is 12 of 20

Answer Stats

HintAnswer% Correct
You just started the quiz.You just started the quiz.
100%
I know what you are thinking.I know what you are thinking.
97%
You want to type the final sentence.You want to type the final sentence.
96%
Gosh, do you ever get the idea of a quiz!?Gosh, do you ever get the idea of a quiz!?
86%
I can't argue with you.I can't argue with you.
85%
You have got to do it in order!You have got to do it in order!
83%
I have done that one to two times.I have done that one to two times.
76%
But you can't copy me!But you can't copy me!
72%
You're better than that!You're better than that!
68%
Do you make JetPunk quizzes?Do you make JetPunk quizzes?
65%
Good for you!Good for you!
65%
Anyways, on with the quiz.Anyways, on with the quiz.
62%
I highly suggest you follow this quiz.I highly suggest you follow this quiz.
51%
I promise, it's going to be fun!I promise, it's going to be fun!
37%
I can visit your profile page and we can create quizzes together.I can visit your profile page and we can create quizzes together.
34%
Well, it's up to you.Well, it's up to you.
34%
Even so, you are awesome.Even so, you are awesome.
24%
Say you don't make quizzes.Say you don't make quizzes.
24%
Almost there, friend!Almost there, friend!
18%
Enough with the talking, last two sentences!Enough with the talking, last two sentences!
11%

Score Distribution

Percentile by Number Answered

Percent of People with Each Score

Your Score History

You have not taken this quiz